[Event "Madrid-ch U14"]
[Site "Madrid"]
[Date "2022.04.03"]
[Round "3"]
[White "Bartolome Benito, Alejandro"]
[Black "Raskin Calvo, Maximilian"]
[Result "1-0"]
[WhiteElo "1546"]
[BlackElo "1397"]
[PlyCount "93"]
[EventDate "2022.04.02"]
[EventType "swiss"]
[EventRounds "6"]
[EventCountry "ESP"]
[SourceTitle "EXT 2024"]
[Source "ChessBase"]
[SourceDate "2023.10.10"]
[SourceVersion "1"]
[SourceVersionDate "2023.10.10"]
[SourceQuality "1"]

1. e4 c6 2. d4 d5 3. exd5 cxd5 4. Bd3 Nc6 5. c3 Nf6 6. Bf4 h6 7. Nd2 Bg4 8. Qb3 Qc8 9. Ngf3 Bxf3 10. Nxf3 e6 11. 0-0 Be7 12. Ne5 0-0 13. Rae1 a6 14. Bd2 b5 15. f4 Na5 16. Qc2 Nc4 17. f5 Nxe5 18. dxe5 Bc5+ 19. Kh1 Ng4 20. Re2 Qc7 21. b4 Bb6 22. h3 Nxe5 23. Bf4 f6 24. fxe6 Qb8 25. Bg6 Bc7 26. e7 Nxg6 27. exf8Q+ Nxf8 28. Bxc7 Qxc7 29. Rfe1 Qc6 30. Qd3 Nd7 31. Re6 Qc4 32. Qxc4 dxc4 33. Re8+ Rxe8 34. Rxe8+ Kf7 35. Ra8 Nb6 36. Rxa6 Na4 37. Kg1 Kg6 38. Ra7 Nxc3 39. Kf2 Kf5 40. Ke3 Nd5+ 41. Kd4 Nxb4 42. Kc5 Nd3+ 43. Kxb5 Nf4 44. Kxc4 Nxg2 45. Rxg7 Ne3+ 46. Kc5 Kf4 47. a4 1-0